| 000 | 00891aam a2200349a 44500 | ||
|---|---|---|---|
| 008 | 000621s1979 cat | ||
| 041 | _acat | ||
| 041 | _bspa | ||
| 080 | _a339.176(038) | ||
| 100 |
_aVila de la Hoz, E. _968389 |
||
| 245 | _aBreu vocabulari terminològic comercial | ||
| 245 | _cEnric Vila de la Hoz (ed.) | ||
| 260 | _aL'Hospitalet de Llobregat | ||
| 260 | _bÒmnium Cultural. Delegació a l'Hospitalet de Llobregat | ||
| 260 | _c1979 | ||
| 300 |
_a11 p. _c21 cm |
||
| 520 | _aaprox. 450 | ||
| 591 | _a340 | ||
| 592 | _aObra terminològica | ||
| 593 | _aKR | ||
| 593 | _aND | ||
| 593 | _aVX | ||
| 594 | _a340 | ||
| 650 |
_aalimentació _961930 |
||
| 650 |
_acomerç _961349 |
||
| 650 |
_ahoteleria _963219 |
||
| 901 | _c<1979> | ||
| 902 | _a000621 | ||
| 942 |
_cMO _n0 |
||
| 999 |
_c59358 _d59358 |
||